Manchester transport interchange (Record no. 76831)
[ view plain ]
| 000 -LEADER | |
|---|---|
| fixed length control field | 00815cab a2200181 4500 |
| 001 - CONTROL NUMBER | |
| control field | ##L133154 |
| 008 - FIXED-LENGTH DATA ELEMENTS--GENERAL INFORMATION | |
| fixed length control field | 060418n2006 000 0 eng u |
| 035 ## - SYSTEM CONTROL NUMBER | |
| System control number | (Sirsi) u133154 |
| 041 0# - LANGUAGE CODE | |
| Language code of text/sound track or separate title | eng |
| 100 1# - MAIN ENTRY--PERSONAL NAME | |
| Personal name | Williams, Austin |
| 245 00 - TITLE STATEMENT | |
| Title | Manchester transport interchange |
| Remainder of title | it looked for all the world like a reclad concrete structure on a tight budget |
| 260 ## - PUBLICATION, DISTRIBUTION, ETC. | |
| Date of publication, distribution, etc. | 2006 |
| 490 #0 - SERIES STATEMENT | |
| Series statement | Architects' Journal |
| Volume/sequential designation | 13(223) 6 April 2006, 25-37(13) |
| 520 ## - SUMMARY, ETC. | |
| Summary, etc. | Reports on the design and architecture of the Manchester (Shudehill) Transport Interchange, which comprises a tram stop, bus station and car park. Contains lay-out plans and details of a frameless glass façade on projecting brackets. |
| 590 ## - LOCAL NOTE (RLIN) | |
| Local note | IKA250406 |
| 690 ## - LOCAL SUBJECT ADDED ENTRY--TOPICAL TERM (OCLC, RLIN) | |
| Topical term or geographic name as entry element | PROPERTY-INFRASTRUCTURE-ROAD INFRASTRUCTURE-ROAD TRANSPORT FACILITIES |
| 942 ## - ADDED ENTRY ELEMENTS (KOHA) | |
| Suppress in OPAC | 0 |
| Withdrawn status | Lost status | Source of classification or shelving scheme | Damaged status | Not for loan | Home library | Current library | Shelving location | Date acquired | Total Checkouts | Full call number | Barcode | Date last seen | Copy number | Price effective from | Koha item type |
|---|---|---|---|---|---|---|---|---|---|---|---|---|---|---|---|
| Dewey Decimal Classification | London | London | Journal article | 18/04/2006 | L133154 | 133154-1001 | 06/08/2019 | 1 | 06/08/2019 | Journal article |